00305nam a2200121Ia 45000030006000000080041000060400015000471000026000622450038000882600028001265460012001540050017001660STCL150530s9999 xx 000 0 und d aSTCLcSTCL aThomas Satyamurti, S. aBulletin Madras government museum bMadras Governmentc1967 aEnglish20220125170418.0